TV total Urlaubs-Check - Karten Quiz - Statistiken

Allgemein
  • Dieses Quiz wurde 320 mal gespielt
  • Das Durchschnittsergebnis liegt bei 14 aus 15
Antworten auf der Karte
Die Antworten werden auf der Karte rot bzw. grün angezeigt, abhängig davon wie oft sie richtig erraten wurden.
 
Antwortstatistiken
Antwort % Korrekt
Eiffelturm
97%
Buckingham Palace
96%
Sydney Opera House
96%
Freiheitsstatue
95%
Kölner Dom
95%
Kolosseum
95%
Große Sphinx von Gizeh
94%
Akropolis
92%
Schloss Schönbrunn
92%
Taj Mahal
92%
Burj Kalifa
90%
Cristo Redentor
89%
Teotihuacán
86%
Verbotene Stadt
85%
Alhambra
79%
Keine übereinstimmenden Quizze gefunden
Verteilung der Resultate
Anzahl Personen mit jedem Resultat
Perzentil nach korrekt beantworteten Fragen
Ihre Resultats-Entwicklung
Sie haben dieses Quiz noch nicht gespielt